Pengucapan awam yang berkesan / (Record no. 4010)

000 -LEADER
fixed length control field nam a22 a 4500
003 - CONTROL NUMBER IDENTIFIER
control field AKMAL
005 - DATE AND TIME OF LATEST TRANSACTION
control field 20170524154815.0
008 - FIXED-LENGTH DATA ELEMENTS--GENERAL INFORMATION
fixed length control field 170524s2000 my 00 may d
020 ## - INTERNATIONAL STANDARD BOOK NUMBER
International Standard Book Number 9679933644 (kkt.) :
Terms of availability RM17.00
040 ## - CATALOGING SOURCE
Original cataloging agency AKMAL
Transcribing agency AKMAL
082 04 - DEWEY DECIMAL CLASSIFICATION NUMBER
Classification number 808.51 MAI
090 00 - LOCALLY ASSIGNED LC-TYPE CALL NUMBER (OCLC); LOCAL CALL NUMBER (RLIN)
Classification number (OCLC) (R) ; Classification number, CALL (RLIN) (NR) 808.51
Local cutter number (OCLC) ; Book number/undivided call number, CALL (RLIN) MAI
100 0# - MAIN ENTRY--PERSONAL NAME
Personal name Maimunah Osman
9 (RLIN) 485
245 10 - TITLE STATEMENT
Title Pengucapan awam yang berkesan /
Statement of responsibility, etc. Maimunah Osman
260 ## - PUBLICATION, DISTRIBUTION, ETC.
Place of publication, distribution, etc. Kuala Lumpur :
Name of publisher, distributor, etc. Institut Tadbiran Awam Negara,
Date of publication, distribution, etc. 2000
300 00 - PHYSICAL DESCRIPTION
Extent x, 104ms. :
Other physical details il. ;
Dimensions 21cm
440 #0 - SERIES STATEMENT/ADDED ENTRY--TITLE
Title Siri pengurusan INTAN
9 (RLIN) 890
504 ## - BIBLIOGRAPHY, ETC. NOTE
Bibliography, etc. note Bibliografi: ms. 103-104
650 #0 - SUBJECT ADDED ENTRY--TOPICAL TERM
Topical term or geographic name entry element Public speaking
9 (RLIN) 488
942 ## - ADDED ENTRY ELEMENTS (KOHA)
Source of classification or shelving scheme
Koha item type Book
Holdings
Withdrawn status Lost status Source of classification or shelving scheme Damaged status Not for loan Collection code Home library Current library Shelving location Date acquired Inventory number Total Checkouts Full call number Barcode Date last seen Price effective from Koha item type Date last checked out
          NON-FICTION AKMAL Melaka AKMAL Melaka PINJAMAN 24.05.2017 800567   808.51 MAI 201705091 24.05.2017 24.05.2017 Book  
          NON-FICTION AKMAL Melaka AKMAL Melaka PINJAMAN 24.05.2017 800566 2 808.51 MAI 201705095 02.08.2019 24.05.2017 Book 19.07.2019
Pusat Sumber Maklumat Dato' Haji Sarmin Md Hussin, Akademi Kastam Diraja Malaysia, Melaka
Tel: 06-2331106 | Faks: 06-2313787